000 01014nam a22002297a 4500
005 20110725120732.0
008 110725t xxu||||| |||| 00| 0 mar d
010 _aMAR-21144
020 _c140.00
035 _aMR-13802
037 _bDBAD/PUB
040 _aDPL
_bMR
082 _a591
100 _930018
_aआमडेकर,मिलिंद
245 _aनिसर्गवेध /
_cमिलिंद वि आमडेकर
246 _aNisargvedha
_bby Milind V Amadekar
260 _aपुणे
_bउन्मेष प्रकाशन
_c2010
270 _aचंद्रनील अपार्टमेंट्स,सी विंग,कॉसमॉस बैंकेसमोर,सिंहगड रोड
_bपुणे
_e-30
300 3 _a160पृ
_c22सेमी(अजिल्द)
942 _2ddc
_cMR
_mआमडे
_h591
999 _c54479
_d54479